| 000 | 00988nam a2200253Ia 4500 | ||
|---|---|---|---|
| 003 | OSt | ||
| 005 | 20221002050026.0 | ||
| 006 | a|||||r|||| 00| 0 | ||
| 007 | ta | ||
| 008 | 220930b |||||||| |||| 00| 0 hin d | ||
| 020 |
_a9788181436856 (hbk) _c5000 |
||
| 024 | _a7069 | ||
| 037 |
_b90, 05/09/2013, Vani Prakashan _cReference Collections |
||
| 040 |
_aCRL _cCRL _bhin |
||
| 041 |
_2hin _ahin |
||
| 082 | _aP152:3xM95, P8.1-.6(rrr) | ||
| 100 | _aराकेश, विष्णुदत्त, संपा. | ||
| 245 | 0 | _aपं. किशोरीदास वाजपेयी ग्रंथावली | |
| 260 |
_aनई _bदिल्ली वाणी प्रकाशन _c2008 |
||
| 490 | _vभाग 1 | ||
| 650 | _aहिन्दी भाषा | ||
| 942 |
_hP152:3xM95, P8.1-.6(rrr) _cref _2CC |
||
| 999 |
_c913656 _d913656 |
||